000 00965cam a2200313Ma 4500
001 90950
005 20230411090049.0
008 720814s1972 ag 000 0 spa d
035 _a(OCoLC)ocn503205186
040 _aU6C
_bspa
_cU6C
035 _a(OCoLC)503205186
082 0 0 _aJC 599
_bW287c 1972
082 0 0 _a323.4/0973
049 _aGRAL
100 1 _aWarren, Earl,
_d1891-
245 1 0 _aCómo conservar una República /
_cEarl Warren; [traducción al español de Gerardo Mayer].
260 _aBuenos Aires :
_bAmericana,
_c1972.
300 _a206 p. ;
_c22 cm.
500 _aTraducido de: A republic, if you can keep it.
650 0 _aCivil rights
_zUnited States.
650 0 _aConstitutional history
_zUnited States.
650 4 _aDerechos civiles
_zEstados Unidos.
651 4 _aEstados Unidos
_xHistoria constitucional.
650 4 _aCFB
650 4 _aColección Font Bernard
942 _2lcc
_cbk
994 _aC0
_bDRFGD
946 _aweb
999 _c111834
_d111834